00451cam a2200169 a 4500001000800000005001700008008004100025010001700066020003200083040001800115041000800133080001700141082002100158100000700179101000800186245008700194159593420180111041738.0940328s1995 caua 001 0 eng  a 94010584  a0534219721 (acidfree paper) aDLCcDLCdDLC aeng a808.0427 WIN00a808.0427 WIN2201 a46 aEDU10aWriting paragraphs and essays :cJoy Wingersky, Jan Boerner, Diana Holguin-Balogh.